Marco Polo y la ruta de la seda

Збережено в:
Бібліографічні деталі
Автор: Drège, Jean Pierre (Автор)
Формат: Книга
Мова:Іспанська
Опубліковано: Barcelona Ediciones B 2000
Предмети:
Теги: Додати тег
Немає тегів, Будьте першим, хто поставить тег для цього запису!

MARC

LEADER 00000nam a2200000 a 4500
001 UCO3314
003 CL-VaPUC
008 000720e20000000SP |||||||||||||||||spa|d
082 0 4 |a 910.4  |b DRE  |2 21 
100 0 |a Drège, Jean Pierre  |e author  |9 447389 
245 1 0 |a Marco Polo y la ruta de la seda 
300 |a 192 p 
942 |c BK 
945 |d 20000720 00:00:00  |a rbrito 
260 |a Barcelona  |b Ediciones B  |c 2000 
600 0 |a Polo, Marco,  |d 1254-1324  |9 267863 
650 0 |a Viajes y descripciones  |9 363745 
650 0 |a Historia  |9 255047 
583 |a last modification  |c 20000720 00:00:00  |k Rodrigo Vera 
999 |c 289776  |d 289774 
952 |0 0  |1 0  |4 0  |6 910_400000000000000_DRE_2000  |7 0  |8 A  |9 338496  |a BIBHIS  |b BIBHIS  |d 2019-11-20  |i 362983K  |o 910.4 DRE 2000  |p 362983K  |r 2025-01-20  |w 2019-11-20  |y BK  |k HIS